[Event "St Petersburg Korchnoi Memorial op"]
[Site "St Petersburg"]
[Date "2019.08.19"]
[Round "6"]
[White "Nuritdinov, Nizomitdin"]
[Black "Svidinsky, Dmitry"]
[Result "1/2-1/2"]
[WhiteElo "1801"]
[BlackElo "2022"]
[PlyCount "71"]
[EventDate "2019.08.14"]
[EventType "swiss"]
[EventRounds "9"]
[EventCountry "RUS"]
[SourceTitle "CBM 192"]
[Source "ChessBase"]
[SourceDate "2019.10.31"]
[SourceVersion "1"]
[SourceVersionDate "2019.10.31"]
[SourceQuality "1"]

1. d4 d5 2. Nf3 Nf6 3. c4 e6 4. Nc3 c5 5. e3 Nc6 6. Be2 Bd6 7. 0-0 0-0 8. b3 b6 9. Bb2 cxd4 10. exd4 Bb7 11. cxd5 Nxd5 12. Nxd5 exd5 13. Rc1 Rc8 14. Ne5 Qe7 15. Bg4 Rc7 16. Re1 Nxe5 17. dxe5 Rxc1 18. Qxc1 Bc5 19. Qf4 f6 20. e6 Rd8 21. Bd4 Rd6 22. h4 Bxd4 23. Qxd4 g6 24. h5 Bc8 25. h6 Bxe6 26. Bxe6+ Rxe6 27. Qxd5 Kf7 28. Rd1 g5 29. Rd3 Kg6 30. Kh2 Kxh6 31. f4 Re3 32. fxg5+ fxg5 33. Qc6+ Re6 34. Rh3+ Kg7 35. Qc3+ Qf6 36. Qc7+ 1/2-1/2

[Event "St Petersburg Korchnoi Memorial op"]
[Site "St Petersburg"]
[Date "2019.08.16"]
[Round "3"]
[White "Mohammad, Nubairshah Shaikh"]
[Black "Svidinsky, Dmitry"]
[Result "1-0"]
[WhiteElo "2442"]
[BlackElo "2022"]
[PlyCount "131"]
[EventDate "2019.08.14"]
[EventType "swiss"]
[EventRounds "9"]
[EventCountry "RUS"]
[SourceTitle "CBM 192"]
[Source "ChessBase"]
[SourceDate "2019.10.31"]
[SourceVersion "1"]
[SourceVersionDate "2019.10.31"]
[SourceQuality "1"]

1. d4 Nf6 2. c4 e6 3. Nc3 d5 4. cxd5 exd5 5. Bg5 c6 6. e3 Bf5 7. Qf3 Bg6 8. Bxf6 Qxf6 9. Qxf6 gxf6 10. Nf3 Nd7 11. Nh4 Be7 12. g3 Nb6 13. Bh3 Nc4 14. 0-0-0 Nd6 15. f3 f5 16. Rde1 0-0 17. Ne2 Rfe8 18. Nf4 Bf6 19. Re2 Kg7 20. Rd1 Re7 21. Rd3 Rae8 22. b3 Rd8 23. Kd2 Ree8 24. Ke1 Bg5 25. Kf2 Bf6 26. Bf1 Be7 27. Rc2 Bf6 28. Rd1 Rd7 29. Nhg2 Bd8 30. Rb1 a6 31. Rbb2 Bg5 32. h4 Bxf4 33. Nxf4 f6 34. b4 Bf7 35. Rc5 Rde7 36. Rb3 Rd8 37. a4 Nc4 38. Be2 Rde8 39. Bxc4 dxc4 40. Rc3 b5 41. a5 Bd5 42. Nxd5 cxd5 43. Rxd5 Kg6 44. Rc5 h5 45. Ke2 Re6 46. Ra3 Rd6 47. Kd2 Red8 48. Ra1 Re8 49. Rg1 Rde6 50. Re1 Rd6 51. Rc1 Rde6 52. Rc3 Rd6 53. Rc1 Rde6 54. Rc3 Rd6 55. Ra3 Re7 56. Rc8 Kg7 57. Rb8 Ree6 58. Ra1 Rc6 59. Rc1 Kg6 60. Rg8+ Kf7 61. Rb8 Rcd6 62. Rb7+ Kg6 63. Re1 Re8 64. Kc3 Rdd8 65. Kd2 Rg8 66. Ke2 1-0

[Event "St Petersburg Korchnoi Memorial op"]
[Site "St Petersburg"]
[Date "2019.08.14"]
[Round "1"]
[White "Vorobiov, Evgeny E"]
[Black "Svidinsky, Dmitry"]
[Result "1-0"]
[WhiteElo "2560"]
[BlackElo "2022"]
[PlyCount "83"]
[EventDate "2019.08.14"]
[EventType "swiss"]
[EventRounds "9"]
[EventCountry "RUS"]
[SourceTitle "CBM 192"]
[Source "ChessBase"]
[SourceDate "2019.10.31"]
[SourceVersion "1"]
[SourceVersionDate "2019.10.31"]
[SourceQuality "1"]

1. d4 d5 2. c4 e6 3. Nf3 Nf6 4. g3 Be7 5. Bg2 0-0 6. Nc3 c6 7. 0-0 Nbd7 8. Qc2 b6 9. e4 Ba6 10. b3 dxc4 11. Rd1 cxb3 12. axb3 Bb7 13. h4 h6 14. Bf4 Re8 15. Ne5 Nxe5 16. dxe5 Nd7 17. Rd2 Qc8 18. Rad1 Rd8 19. h5 Nf8 20. Rd6 Bxd6 21. exd6 e5 22. Bxe5 Qg4 23. Bf4 Qxh5 24. Be3 Qg6 25. Qd2 Nd7 26. Bf4 Qe6 27. b4 a5 28. b5 cxb5 29. Nxb5 Qc4 30. Nd4 Rac8 31. Qe3 Qc3 32. Qe2 Nc5 33. Nf5 Ne6 34. Be3 Qf6 35. Bxb6 a4 36. Ne7+ Kh8 37. e5 Qg5 38. Bxb7 Nf4 39. Qf3 Nh3+ 40. Kg2 Rc2 41. Kxh3 Rb8 42. Qxf7 1-0

[Event "St Petersburg Korchnoi Memorial op"]
[Site "St Petersburg"]
[Date "2018.08.18"]
[Round "4"]
[White "Svidinsky, Dmitry"]
[Black "Chugunov, Vadim"]
[Result "1-0"]
[WhiteElo "2112"]
[BlackElo "1784"]
[PlyCount "71"]
[EventDate "2018.08.15"]
[EventType "swiss"]
[EventRounds "9"]
[EventCountry "RUS"]
[SourceTitle "CBM 186 Extra"]
[Source "ChessBase"]
[SourceDate "2018.08.24"]
[SourceVersion "1"]
[SourceVersionDate "2018.08.24"]
[SourceQuality "1"]

1. d4 Nf6 2. Nf3 g6 3. c4 Bg7 4. Nc3 d5 5. Bg5 Ne4 6. Bh4 Nxc3 7. bxc3 0-0 8. cxd5 Qxd5 9. Bxe7 Re8 10. Bh4 Qa5 11. Qd2 Bg4 12. Bg3 c5 13. e3 Nc6 14. Be2 Rad8 15. Rd1 Be6 16. 0-0 Qxa2 17. Bh4 Qxd2 18. Nxd2 Rd7 19. dxc5 Bxc3 20. Ne4 Be5 21. Nf6+ Bxf6 22. Bxf6 Rxd1 23. Rxd1 Bf5 24. Bb5 a6 25. Ba4 h6 26. f3 g5 27. e4 Bc8 28. Bxc6 bxc6 29. Rd6 Re6 30. Rd8+ Kh7 31. Bc3 Bb7 32. Rd7 Bc8 33. Rxf7+ Kg6 34. Rg7+ Kh5 35. g4+ Kh4 36. Kg2 1-0

[Event "St Petersburg Summer op"]
[Site "St Petersburg"]
[Date "2017.08.20"]
[Round "5"]
[White "Khakimov, Timur"]
[Black "Svidinsky, Dmitry"]
[Result "1/2-1/2"]
[WhiteElo "2275"]
[BlackElo "2086"]
[PlyCount "78"]
[EventDate "2017.08.16"]
[EventType "swiss"]
[EventRounds "9"]
[EventCountry "RUS"]
[SourceTitle "CBM 180 Extra"]
[Source "ChessBase"]
[SourceDate "2017.10.06"]
[SourceVersion "1"]
[SourceVersionDate "2017.10.06"]
[SourceQuality "1"]

1. e4 e5 2. Nf3 Nc6 3. Bb5 Nf6 4. Qe2 d6 5. c3 Be7 6. d4 exd4 7. cxd4 0-0 8. 0-0 Bg4 9. Rd1 d5 10. e5 Ne4 11. Nc3 Nxc3 12. bxc3 f6 13. e6 Qd6 14. Re1 Rae8 15. h3 Bf5 16. Bd3 Bxd3 17. Qxd3 f5 18. g3 Nd8 19. Bf4 Qc6 20. Ne5 Qxe6 21. Re2 Bd6 22. Rae1 Bxe5 23. Rxe5 Qd7 24. Rxe8 Rxe8 25. Rxe8+ Qxe8 26. Qxf5 Qe6 27. Qb1 Qc6 28. Qb4 Ne6 29. Be5 Kf7 30. Qb1 g6 31. Qc1 Qc4 32. Qh6 Kg8 33. Qh4 Qxa2 34. Qf6 Qb1+ 35. Kg2 Qe4+ 36. Kg1 Qb1+ 37. Kh2 Qf5 38. Qh8+ Kf7 39. Qxh7+ Kf8 1/2-1/2

[Event "Prague op-B 15th"]
[Site "Prague"]
[Date "2016.01.08"]
[Round "1"]
[White "Svidinsky, Dmitry"]
[Black "Stankova, Zuzana"]
[Result "1-0"]
[WhiteElo "2072"]
[BlackElo "1658"]
[PlyCount "79"]
[EventDate "2016.01.08"]
[EventType "swiss"]
[EventRounds "9"]
[EventCountry "CZE"]
[SourceTitle "CBM 170 Extra"]
[Source "ChessBase"]
[SourceDate "2016.02.25"]
[SourceVersion "1"]
[SourceVersionDate "2016.02.25"]
[SourceQuality "1"]

1. d4 Nf6 2. Nf3 d6 3. c4 g6 4. Nc3 Bg7 5. e4 0-0 6. Be2 Nc6 7. d5 Ne5 8. Nxe5 dxe5 9. 0-0 e6 10. Bg5 exd5 11. cxd5 a6 12. b4 Qd6 13. Qb3 c6 14. Be3 Qc7 15. Rac1 cxd5 16. Nxd5 Qd8 17. Nc7 Be6 18. Nxe6 fxe6 19. Qxe6+ Kh8 20. Rfd1 Qb8 21. f3 b5 22. Rc6 a5 23. Bc5 Re8 24. Qf7 axb4 25. Rxf6 Qc8 26. Bxb4 Bxf6 27. Qxf6+ Kg8 28. a3 Ra6 29. Qg5 Rb6 30. Qd2 Rb8 31. Qd5+ Kg7 32. h4 Qc2 33. Qd7+ Kg8 34. Qd2 Qxd2 35. Rxd2 Kf7 36. Rd5 Ke6 37. Bxb5 Re7 38. Bc4 Reb7 39. Rd6+ Ke7 40. Re6+ 1-0

[Event "Chigorin Memorial 23rd"]
[Site "St Petersburg"]
[Date "2015.10.11"]
[Round "9"]
[White "Svidinsky, Dmitry"]
[Black "Mukhtarova, Viktoriya"]
[Result "1-0"]
[WhiteElo "2147"]
[BlackElo "1782"]
[PlyCount "151"]
[EventDate "2015.10.03"]
[EventType "swiss"]
[EventRounds "9"]
[EventCountry "RUS"]
[SourceTitle "CBM 168 Extra"]
[Source "ChessBase"]
[SourceDate "2015.10.29"]
[SourceVersion "1"]
[SourceVersionDate "2015.10.29"]
[SourceQuality "1"]

1. e4 c5 2. Nf3 Nc6 3. d4 cxd4 4. Nxd4 g6 5. Nc3 Bg7 6. Be3 Nf6 7. Bc4 Qa5 8. 0-0 0-0 9. h3 d6 10. Nb3 Qd8 11. Qd2 Ne5 12. Be2 Be6 13. Bh6 Nc4 14. Bxc4 Bxc4 15. Bxg7 Kxg7 16. Rfe1 Rc8 17. Qd4 a6 18. e5 dxe5 19. Qxe5 Bxb3 20. cxb3 Rc7 21. Rad1 Rd7 22. Rxd7 Qxd7 23. Rd1 Qe6 24. Qxe6 fxe6 25. Re1 Kf7 26. Ne4 Nxe4 27. Rxe4 Rd8 28. Re2 Rd1+ 29. Kh2 Ra1 30. a3 Rd1 31. b4 b5 32. Kg3 Kf6 33. Kf3 e5 34. Rc2 h6 35. Ke3 Ke6 36. Rc6+ Rd6 37. Rc5 Rd1 38. Ke2 Rd4 39. g4 Kd6 40. Rc8 Ke6 41. Ke3 Kf6 42. Ra8 Rd6 43. h4 h5 44. gxh5 gxh5 45. Rh8 Kg6 46. Rg8+ Kh6 47. Rg5 Rd5 48. f3 Rd4 49. Rxe5 Rxh4 50. Rxe7 Rh2 51. Re6+ Kg5 52. Rxa6 Rxb2 53. Ra5 Rb3+ 54. Ke4 Kh4 55. Rxb5 Rxa3 56. Kf4 Rb3 57. Rb8 Kh3 58. b5 h4 59. b6 Kg2 60. b7 Rxf3+ 61. Ke4 Rb3 62. Rg8+ Kf2 63. b8Q Rxb8 64. Rxb8 h3 65. Kf4 h2 66. Rb2+ Kg1 67. Kg3 h1N+ 68. Kh3 Nf2+ 69. Kg3 Ne4+ 70. Kf3 Ng5+ 71. Kf4 Ne6+ 72. Ke3 Ng5 73. Rb5 Nh3 74. Kf3 Kh2 75. Rh5 Kh1 76. Rxh3+ 1-0

[Event "Chigorin Memorial 23rd"]
[Site "St Petersburg"]
[Date "2015.10.04"]
[Round "2"]
[White "Sakorenko, Adriana"]
[Black "Svidinsky, Dmitry"]
[Result "1/2-1/2"]
[WhiteElo "1935"]
[BlackElo "2147"]
[PlyCount "81"]
[EventDate "2015.10.03"]
[EventType "swiss"]
[EventRounds "9"]
[EventCountry "RUS"]
[SourceTitle "CBM 168 Extra"]
[Source "ChessBase"]
[SourceDate "2015.10.29"]
[SourceVersion "1"]
[SourceVersionDate "2015.10.29"]
[SourceQuality "1"]

1. e4 c5 2. Nf3 e6 3. b3 Nf6 4. e5 Nd5 5. g3 Nc6 6. Bb2 Be7 7. Bg2 0-0 8. 0-0 f6 9. Nc3 Nxc3 10. Bxc3 fxe5 11. Nxe5 Nxe5 12. Bxe5 d6 13. Bb2 e5 14. Qe2 Rb8 15. Rae1 Bg5 16. c3 Bd7 17. d4 exd4 18. cxd4 Bf6 19. Rd1 Qc7 20. dxc5 Bxb2 21. Qxb2 dxc5 22. Rfe1 Rbe8 23. Rxe8 Rxe8 24. Qd2 Bc6 25. Bxc6 Qxc6 26. Qd5+ Qxd5 27. Rxd5 b6 28. Rd7 a5 29. Rd6 Rb8 30. Rd7 a4 31. Kf1 axb3 32. axb3 Re8 33. Rd6 Rb8 34. Ke2 Kf7 35. Rc6 Re8+ 36. Kd3 Rd8+ 37. Kc3 Re8 38. Kd3 Rd8+ 39. Kc3 Re8 40. Kd3 Rd8+ 41. Kc3 1/2-1/2

[Event "Prague Summer op 2nd"]
[Site "Prague"]
[Date "2015.08.12"]
[Round "7"]
[White "Svidinsky, Dmitry"]
[Black "Haase, Pavel"]
[Result "1-0"]
[WhiteElo "2089"]
[BlackElo "1917"]
[PlyCount "59"]
[EventDate "2015.08.07"]
[EventType "swiss"]
[EventRounds "9"]
[EventCountry "CZE"]
[SourceTitle "CBM 167 Extra"]
[Source "ChessBase"]
[SourceDate "2015.09.14"]
[SourceVersion "1"]
[SourceVersionDate "2015.09.14"]
[SourceQuality "1"]

1. d4 Nf6 2. c4 g6 3. Nc3 d5 4. cxd5 Nxd5 5. e4 Nxc3 6. bxc3 Bg7 7. Be3 c5 8. Qd2 0-0 9. Nf3 Nc6 10. d5 Qa5 11. Rc1 Ne5 12. Nxe5 Bxe5 13. f4 Bg7 14. c4 Qxd2+ 15. Kxd2 b6 16. Bd3 Rd8 17. h4 Bd7 18. h5 Rac8 19. hxg6 hxg6 20. e5 e6 21. d6 Bc6 22. Rh2 f6 23. Bxg6 fxe5 24. Rf1 Rxd6+ 25. Ke2 e4 26. Bh7+ Kf8 27. f5 Be5 28. fxe6+ Ke8 29. Bg6+ Kd8 30. Rh7 1-0

[Event "Novi Sad TS03 op"]
[Site "Novi Sad"]
[Date "2015.03.24"]
[Round "6"]
[White "Marholev, Dimitar"]
[Black "Svidinsky, Dmitry"]
[Result "1/2-1/2"]
[WhiteElo "2268"]
[BlackElo "2049"]
[PlyCount "57"]
[EventDate "2015.03.20"]
[EventType "swiss"]
[EventRounds "9"]
[EventCountry "SRB"]
[SourceTitle "CBM 165 Extra"]
[Source "ChessBase"]
[SourceDate "2015.04.21"]
[SourceVersion "1"]
[SourceVersionDate "2015.04.21"]
[SourceQuality "1"]

1. e4 c6 2. d4 d5 3. Nd2 dxe4 4. Nxe4 Bf5 5. Nc5 b6 6. Nb3 Nf6 7. Nf3 e6 8. g3 Nbd7 9. Bg2 Qc7 10. Bf4 Bd6 11. Bxd6 Qxd6 12. 0-0 0-0 13. c4 Be4 14. Re1 Rfd8 15. Qe2 Rac8 16. Rad1 Qc7 17. Nbd2 Bf5 18. h3 c5 19. Nh4 cxd4 20. Nxf5 exf5 21. Nf3 Qxc4 22. Qxc4 Rxc4 23. Nxd4 g6 24. Nc6 Rf8 25. b3 Rc2 26. Re7 Nc5 27. Nb4 Rb2 28. Rxa7 Nfe4 29. Rf1 1/2-1/2

[Event "Plzen op 6th"]
[Site "Plzen"]
[Date "2014.11.27"]
[Round "5"]
[White "Svidinsky, Dmitry"]
[Black "Kopriva, Martin"]
[Result "1-0"]
[WhiteElo "2073"]
[BlackElo "1889"]
[PlyCount "62"]
[EventDate "2014.11.23"]
[EventType "swiss"]
[EventRounds "7"]
[EventCountry "CZE"]
[SourceTitle "CBM 163 Extra"]
[Source "ChessBase"]
[SourceDate "2014.12.23"]
[SourceVersion "1"]
[SourceVersionDate "2014.12.23"]
[SourceQuality "1"]

1. e4 c5 2. Nf3 d6 3. d4 cxd4 4. Nxd4 Nf6 5. Nc3 a6 6. Be3 e6 7. Qd2 Qc7 8. f3 Be7 9. 0-0-0 b5 10. g4 Nc6 11. Kb1 Bb7 12. g5 Nd7 13. Nxc6 Bxc6 14. h4 Ne5 15. Qg2 b4 16. Ne2 d5 17. Nd4 Bb7 18. Qg3 dxe4 19. Bf4 Bd6 20. Bg2 e3 21. Rhe1 Bd5 22. Rxe3 f6 23. h5 Rc8 24. h6 Bc5 25. Bxe5 fxe5 26. Qxe5 Qxe5 27. Rxe5 Bxd4 28. Rxd4 0-0 29. b3 a5 30. Bh3 Rxf3 31. Rexd5 exd5 1-0

[Event "Plzen op 6th"]
[Site "Plzen"]
[Date "2014.11.26"]
[Round "4"]
[White "Jurek, Josef"]
[Black "Svidinsky, Dmitry"]
[Result "1-0"]
[WhiteElo "2301"]
[BlackElo "2073"]
[PlyCount "57"]
[EventDate "2014.11.23"]
[EventType "swiss"]
[EventRounds "7"]
[EventCountry "CZE"]
[SourceTitle "CBM 163 Extra"]
[Source "ChessBase"]
[SourceDate "2014.12.23"]
[SourceVersion "1"]
[SourceVersionDate "2014.12.23"]
[SourceQuality "1"]

1. c4 f5 2. Nf3 Nf6 3. g3 g6 4. b3 Bg7 5. Bb2 0-0 6. Bg2 d6 7. d4 c6 8. 0-0 Qc7 9. Nbd2 Re8 10. Re1 e5 11. dxe5 dxe5 12. e4 fxe4 13. Ng5 Bg4 14. Qc2 Na6 15. Ndxe4 Nxe4 16. Nxe4 Rad8 17. a3 Qe7 18. c5 Bf5 19. b4 Bxe4 20. Rxe4 Qg5 21. Rae1 Nc7 22. f4 exf4 23. Qc4+ Kh8 24. Qf7 Rg8 25. Re7 Ne6 26. R1xe6 Rd1+ 27. Bf1 Qh6 28. Qxg7+ Qxg7 29. Rxg7 1-0

[Event "Plzen op 6th"]
[Site "Plzen"]
[Date "2014.11.23"]
[Round "1"]
[White "Svidinsky, Dmitry"]
[Black "Leseticky, Vladimir"]
[Result "1-0"]
[WhiteElo "2073"]
[BlackElo "1680"]
[PlyCount "41"]
[EventDate "2014.11.23"]
[EventType "swiss"]
[EventRounds "7"]
[EventCountry "CZE"]
[SourceTitle "CBM 163 Extra"]
[Source "ChessBase"]
[SourceDate "2014.12.23"]
[SourceVersion "1"]
[SourceVersionDate "2014.12.23"]
[SourceQuality "1"]

1. e4 d5 2. exd5 e6 3. dxe6 Bxe6 4. Nf3 Nf6 5. d4 Bd6 6. Bd3 0-0 7. Bg5 Re8 8. 0-0 Bg4 9. Nbd2 Nbd7 10. c3 c5 11. Qc2 Bxf3 12. Nxf3 Qc7 13. dxc5 Bxc5 14. Rfe1 Bd6 15. Rad1 Ne5 16. Nxe5 Bxe5 17. Bxf6 Bxf6 18. Bxh7+ Kf8 19. Be4 Qe5 20. g3 Qc7 21. Bf3 1-0

[Event "Chigorin Memorial 22nd"]
[Site "St Petersburg"]
[Date "2014.10.21"]
[Round "4"]
[White "Svidinsky, Dmitry"]
[Black "Erzhanov, Arman"]
[Result "0-1"]
[WhiteElo "2039"]
[BlackElo "2278"]
[PlyCount "64"]
[EventDate "2014.10.18"]
[EventType "swiss"]
[EventRounds "9"]
[EventCountry "RUS"]
[SourceTitle "EXT 2015"]
[Source "ChessBase"]
[SourceDate "2014.11.20"]
[SourceVersion "1"]
[SourceVersionDate "2014.11.20"]
[SourceQuality "1"]

1. d4 Nf6 2. c4 e6 3. Nf3 b6 4. g3 Ba6 5. b3 Bb4+ 6. Bd2 Be7 7. Bg2 0-0 8. 0-0 c6 9. Bc3 d5 10. Ne5 Nfd7 11. Nxd7 Nxd7 12. Nd2 b5 13. e4 bxc4 14. bxc4 Nb6 15. Ba5 dxe4 16. Bxe4 Qxd4 17. Bxc6 Rac8 18. Bf3 Nxc4 19. Be2 Nb2 20. Qe1 Nd3 21. Nb3 Qe4 22. Qd2 Ne5 23. Rfe1 Bb7 24. f3 Nxf3+ 25. Bxf3 Qxf3 26. Re3 Qh1+ 27. Kf2 Qxh2+ 28. Ke1 Qh1+ 29. Kf2 Qh3 30. Qd7 Rc2+ 31. Bd2 Qg2+ 32. Ke1 Bg5 0-1